| 000 | 00717nam a22001937a 4500 | ||
|---|---|---|---|
| 008 | 160630b xxu||||| |||| 00| 0 eng d | ||
| 020 | _a0393002772 | ||
| 040 |
_aKABU _cKABU |
||
| 050 |
_aMT40 _b.F89 1965 c. 1 |
||
| 245 |
_aThe study of counterpoint from Johann joseph Fux's Gradus ad Parnassum _cTranslated and edited by Alfred Mann with the collaboration of John Edmunds |
||
| 250 | _aRev. ed. | ||
| 260 |
_aNew York _bW.W. Noton & Company _c1965 |
||
| 300 | _axvi, 156 p. | ||
| 650 |
_aCounterpoint _yEarly works to 1800 |
||
| 650 |
_aComposition (Music) _yEarly works to 1800 |
||
| 700 | _aMann, Alfred | ||
| 700 | _aEdmunds, John | ||
| 942 |
_2lcc _cBK _eRev. ed. _hMT40 .F89 1965 c. 1 |
||
| 999 |
_c16025 _d16025 |
||